000 00378nam a2200157Ia 4500
005 20250508165603.0
008 008 250505s9999 xx 000 0 eng d
037 _aPeriodicals
040 _aFEDL
_beng
_cFEDL
041 _aeng
_2eng
084 _qFEDL
245 0 _aScience and education
260 _aNetherlands
_bSpringer
942 _cCR
999 _c1396029
_d1396029